Central Library OPAC University of Rajshahi

The chemistry of high polymers / (Record no. 11242)

MARC details
000 -LEADER
fixed length control field 00725cam a2200241I 4500
001 - CONTROL NUMBER
control field 11242
003 - CONTROL NUMBER IDENTIFIER
rucl marc code BD-RjUL
005 - DATE AND TIME OF LATEST TRANSACTION
control field 20211208235108.0
008 - FIXED-LENGTH DATA ELEMENTS--GENERAL INFORMATION
fixed length control field 140126s1948 nyua b 000 0 eng c
035 ## - SYSTEM CONTROL NUMBER
System control number 11291
040 ## - CATALOGING SOURCE
Original cataloging agency Illinois. Univ. Library.
Transcribing agency TLM
Modifying agency OCL
-- SER
-- BD-RjUL
Language of cataloging eng
041 ## - LANGUAGE CODE
Language code of text/sound track or separate title eng
082 ## - DEWEY DECIMAL CLASSIFICATION NUMBER
Classification number 547.84
Author mark and year BAC 1948
090 ## - LOCALLY ASSIGNED LC-TYPE CALL NUMBER (OCLC); LOCAL CALL NUMBER (OCLC)
Classification number (OCLC) (R) ; Classification number, CALL (RLIN) (NR) QD471.B39x 1948
100 1# - MAIN ENTRY--PERSONAL NAME
Personal name Bawn, C. E. H.
Fuller form of name (Cecil Edwin Henry)
9 (RLIN) 34792
245 14 - TITLE STATEMENT
Title The chemistry of high polymers /
Statement of responsibility, etc. C. E. H. Bawn.
260 ## - PUBLICATION, DISTRIBUTION, ETC. (IMPRINT)
Place of publication, distribution, etc. New York :
Name of publisher, distributor, etc. Interscience Publishers,
Date of publication, distribution, etc. 1948.
300 ## - PHYSICAL DESCRIPTION
Pagination x, 249 p. :
Illustrations ill. ;
Size 23 cm.
504 ## - BIBLIOGRAPHY, ETC. NOTE
Bibliography, etc Includes index and bibliography.
650 #0 - SUBJECT ADDED ENTRY--TOPICAL TERM
Topical term or geographic name as entry element Polymers.
9 (RLIN) 34793
Topical term or geographic name as entry element Polymerization.
9 (RLIN) 34794
942 ## - ADDED ENTRY ELEMENTS (KOHA)
Source of classification or shelving scheme Dewey Decimal Classification
Koha item type Books
Holdings
Lost status Source of classification or shelving scheme Damaged status Not for loan Collection code Permanent Location Current Location Shelving location Date acquired Source of acquisition Cost, normal purchase price Total Checkouts Full call number Date last seen Copy number Koha item type
  Dewey Decimal Classification     Non-fiction Central Library, University of Rajshahi Central Library, University of Rajshahi   25/05/1973 world university service 0.00   547.84 BAC 1948 26/01/2014 C-3 Books
  Dewey Decimal Classification     Non-fiction Central Library, University of Rajshahi Central Library, University of Rajshahi   02/02/1963 Zeitlinger 17.60   547.84 BAC 1948 14/11/2016 C-2 Books
  Dewey Decimal Classification   Not For Loan Non-fiction Central Library, University of Rajshahi Central Library, University of Rajshahi Reading Room 22/10/1950 Zeitlinger 17.60   547.84 BAC 1948 25/05/2017 C-1 Books
  Dewey Decimal Classification     Non-fiction Central Library, University of Rajshahi Central Library, University of Rajshahi   04/05/1964 Zeitlinger 17.60   547.84 BAC 1948 07/06/2017 C-4 Books